Countries with nine letters- flag quiz - Statistics

General Stats
  • This quiz has been taken 38 times
  • The average score is 10 of 12
Answer Stats
Picture Answer % Correct
Argentina
100%
Australia
96%
Venezuela
92%
Indonesia
88%
Singapore
88%
Costa Rica
84%
Guatemala
84%
Lithuania
84%
San Marino
84%
Nicaragua
80%
Cape Verde
72%
Mauritius
68%
No matching quizzes found
Score Distribution
Percent of People with Each Score
Percentile by Number Answered
Your Score History
You have not taken this quiz